Albert Einstein: navegante solitario
সংরক্ষণ করুন:
| প্রধান লেখক: | |
|---|---|
| বিন্যাস: | গ্রন্থ |
| ভাষা: | স্প্যানিশ |
| প্রকাশিত: |
Ciudad de México
Fondo de Cultura Económica
2003
|
| সংস্করন: | 3a. ed |
| মালা: | La Ciencia para Todos, 31
|
| বিষয়গুলি: | |
| ট্যাগগুলো: |
ট্যাগ যুক্ত করুন
কোনো ট্যাগ নেই, প্রথমজন হিসাবে ট্যাগ করুন!
|
MARC
| LEADER | 00000nam a2200000 a 4500 | ||
|---|---|---|---|
| 001 | UCG1511 | ||
| 003 | CL-VaPUC | ||
| 008 | 100506e20030000MX |||||||||||||||||spa|d | ||
| 020 | |a 9789681668464 | ||
| 082 | 0 | 4 | |a 530 |b PEÑ |2 21 |
| 100 | 0 | |a Peña, Luis de la |e author |9 549472 | |
| 245 | 1 | 0 | |a Albert Einstein: navegante solitario |
| 250 | |a 3a. ed | ||
| 300 | |a 119 p | ||
| 942 | |c BK | ||
| 945 | |d 20100506 00:00:00 |a cmena | ||
| 260 | |a Ciudad de México |b Fondo de Cultura Económica |c 2003 | ||
| 600 | 0 | |a Einstein, Albert |e autor |9 266229 | |
| 650 | 0 | |a Física |9 227844 | |
| 650 | 0 | |a Biografías |9 255210 | |
| 650 | 0 | |a Científicos |9 262025 | |
| 650 | 0 | |a Investigación científica |9 259857 | |
| 583 | |a last modification |c 20100506 00:00:00 |k Rodrigo Vera | ||
| 490 | 0 | |a La Ciencia para Todos, 31 | |
| 999 | |c 340862 |d 340860 | ||
| 952 | |0 0 |1 0 |4 0 |6 530_000000000000000_PEÑ_2003 |7 0 |8 C |9 435995 |a BIBCUR |b BIBCUR |d 2019-11-22 |i 4671562 |o 530 PEÑ 2003 |p 4671562 |r 2025-04-22 |w 2019-11-22 |y BK |k EXP | ||